| 000 | 00862nam a2200253 a 4500 | ||
|---|---|---|---|
| 008 | |||
| 020 | _a0790610922 (pbk.) | ||
| 049 | _aMAIN | ||
| 090 |
_aHD9696.A3 _bHOW |
||
| 100 | 1 | _aAdams, John. | |
| 245 | 1 | 0 |
_aHoward W. Sams and Company Internet guide to the electronics industry / _cwritten and compiled by John Adams. |
| 246 | 3 | 0 | _aInternet guide to the electronics industry. |
| 260 |
_aIndianapolis : _bPrompt Publications, _cc1996. |
||
| 300 |
_avi, 242 p. : _bill. ; _c22 cm. |
||
| 500 | _aIncludes index. | ||
| 650 | 0 |
_aElectronic industries _zUnited States _xDirectories. |
|
| 650 | 0 |
_aInternet addresses _zUnited States _xDirectories. |
|
| 710 | 2 | _aHoward W. Sams. | |
| 907 |
_a.b10120269 _b11-09-12 _c03-05-04 |
||
| 003 | |||
| 005 | 20230123133708.0 | ||
| 040 | _cNUST | ||
| 942 |
_cBOOKS _kHD9696.A3 _mHOW |
||
| 999 |
_c153040 _d153040 |
||